| 000 | 00463pab a2200169 454500 | ||
|---|---|---|---|
| 008 | 180718b2000 xxu||||| |||| 00| 0 eng d | ||
| 100 | _aMishra, Sudarshan | ||
| 245 | _aIn-service teacher education through distance mode: an innovative model | ||
| 260 | _c2000 | ||
| 300 | _ap.8-13 | ||
| 362 | _a27 Mar | ||
| 650 | _aTeacher education | ||
| 650 | _aDistance education | ||
| 650 | _aInservice teacher education | ||
| 773 | _aUniversity News | ||
| 909 | _a49065 | ||
| 999 |
_c49065 _d49065 |
||